Includes bibliographies (Record no. 15375)

000 -LEADER
fixed length control field 00588nam a22002171 4500
001 - CONTROL NUMBER
control field 15375
003 - CONTROL NUMBER IDENTIFIER
control field BD-DhUET
008 - FIXED-LENGTH DATA ELEMENTS--GENERAL INFORMATION
fixed length control field 731030m19621966njua b 000 0 eng
040 ## - CATALOGING SOURCE
Original cataloging agency DLC
Transcribing agency DLC
Modifying agency BD-DhUET
082 00 - DEWEY DECIMAL CLASSIFICATION NUMBER
Classification number 543
Item number FUR/1966
100 ## - MAIN ENTRY--PERSONAL NAME
Personal name Furman, N. Howell
245 00 - TITLE STATEMENT
Title Includes bibliographies
250 ## - EDITION STATEMENT
Edition statement 6th ed.
260 ## - PUBLICATION, DISTRIBUTION, ETC. (IMPRINT)
Place of publication, distribution, etc. New York
Name of publisher, distributor, etc. Van Nostrand Reinhold
Date of publication, distribution, etc. 1966
300 ## - PHYSICAL DESCRIPTION
Extent xi, (975-2018)p.
Other physical details ill.
500 ## - GENERAL NOTE
General note Vol.3 (Instrumental methods)
Part. B
504 ## - BIBLIOGRAPHY, ETC. NOTE
Bibliography, etc Includes bibliographies
650 #0 - SUBJECT ADDED ENTRY--TOPICAL TERM
Topical term or geographic name as entry element Chemistry, Analytic
700 ## - ADDED ENTRY--PERSONAL NAME
Personal name Welcher, Frank J.
942 ## - ADDED ENTRY ELEMENTS (KOHA)
Koha item type Edited Book
Holdings
Date acquired Not for loan Koha date last seen Koha full call number Shelving location Koha item type Price effective from Lost status Source of classification or shelving scheme Copy number Withdrawn status Koha normalized classification for sorting Damaged status Sublocation or collection (holding branch) Piece designation (barcode) Location (home branch)
2015-03-12 2015-03-12543/FUR/1966Circulation sectionEdited Book2015-03-12  1 543_000000000000000_FUR_1966 Central Library, BUET28818Central Library, BUET
2015-03-12 2015-03-12543/FUR/1966Circulation sectionEdited Book2015-03-12  2 543_000000000000000_FUR_1966 Central Library, BUET28828Central Library, BUET
2015-03-12 2015-03-12543/FUR/1966Circulation sectionEdited Book2015-03-12  4 543_000000000000000_FUR_1966 Central Library, BUET28836Central Library, BUET
2015-03-12 2015-03-12543/FUR/1966Circulation sectionEdited Book2015-03-12  5 543_000000000000000_FUR_1966 Central Library, BUET28831Central Library, BUET
2015-03-12 2015-03-12543/FUR/1966Circulation sectionEdited Book2015-03-12  6 543_000000000000000_FUR_1966 Central Library, BUET38894Central Library, BUET
2015-03-12 2018-02-20543/FUR/1966Circulation sectionEdited Book2015-03-12  7 543_000000000000000_FUR_1966 Central Library, BUET28827Central Library, BUET
2015-03-12 2015-03-12543/FUR/1966Circulation sectionEdited Book2015-03-12  8 543_000000000000000_FUR_1966 Central Library, BUET28837Central Library, BUET
2015-03-12 2015-03-12543/FUR/1966Circulation sectionEdited Book2015-03-12  9 543_000000000000000_FUR_1966 Central Library, BUET28826Central Library, BUET
2015-03-12 2015-03-12543/FUR/1966Circulation sectionEdited Book2015-03-12  10 543_000000000000000_FUR_1966 Central Library, BUET28832Central Library, BUET